[Event "Doeberl Cup U1200 48th"]
[Site "Canberra"]
[Date "2010.04.02"]
[Round "2"]
[White "Derwent, Frank"]
[Black "Willathgamuwa, Rowan"]
[Result "0-1"]
[WhiteElo "817"]
[BlackElo "424"]
[PlyCount "52"]
[EventDate "2010.04.02"]
[EventType "swiss"]
[EventRounds "6"]
[EventCountry "AUS"]
[SourceTitle "EXT 2012"]
[Source "ChessBase"]
[SourceDate "2011.11.24"]
[SourceVersion "1"]
[SourceVersionDate "2011.11.24"]
[SourceQuality "1"]

1. e4 c5 2. Nf3 Nc6 3. Bc4 e6 4. Nc3 Nf6 5. e5 Ng4 6. d4 cxd4 7. Nxd4 Ngxe5 8. Nxc6 Nxc6 9. 0-0 Bb4 10. Nb5 a6 11. Nd6+ Bxd6 12. Qxd6 Qe7 13. Qg3 0-0 14. Bg5 f6 15. Bh6 Kh8 16. Bd2 b5 17. Bd3 Ne5 18. Be4 d5 19. Bf3 Bb7 20. a3 Rfc8 21. Bb4 Qd7 22. Bc3 Nxf3+ 23. gxf3 d4 24. Rad1 e5 25. f4 Qc6 26. Bb4 Qh1# 0-1